South Eastern Kenya University

Library Online Public Access Catalogue


The psychologist's companion : (Record no. 5185)

MARC details
000 -LEADER
fixed length control field 00959cam a2200229 a 4500
020 ## - ISBN
International Standard Book Number 0521821231
020 ## - ISBN
International Standard Book Number 0521528062 (pbk.)
050 00 - LIBRARY OF CONGRESS CALL NUMBER
Classification Number BF 76.8
Item Number .S73 2003
100 1# - MAIN ENTRY--Author
Personal name Sternberg, Robert J.
245 14 - TITLE
Title The psychologist's companion :
Remainder of title a guide to scientific writing for students and researchers /
Statement of responsibility, etc Robert J. Sternberg ; chapter 5 was contributed by Richard C. Sherman and Beth Dietz-Uhler ; chapter 7 and appendix B were contributed by Chris Leach.
250 ## - EDITIONSTATEMENT
Edition statement 4th ed.
260 ## - PUBLICATION, DISTRIBUTION, ETC.(IMPRINT)
Place of publication, distribution, etc Cambridge, U.K. ;
-- New York :
Name of publisher, distributor, etc Cambridge University Press,
Date of publication, distribution, etc 2003.
300 ## - PHYSICAL DESCRIPTION
Extent 301 p. :
650 #0 - SUBJECT--TOPIC
Topical term following geographic name as entry element Report writing
650 #0 - SUBJECT--TOPIC
Topical term following geographic name as entry element Pschological literature
700 1# - ADDED ENTRY--PERSONAL AUTHOR
Personal Name Dietz-Uhler, Beth.
700 1# - ADDED ENTRY--PERSONAL AUTHOR
Personal Name Leach, Chris.
856 41 - URL/ELECTRONIC LOCATION AND ACCESS
Uniform Resource Identifier <a href="http://www.loc.gov/catdir/samples/cam041/2003043595.html">http://www.loc.gov/catdir/samples/cam041/2003043595.html</a>
856 42 - URL/ELECTRONIC LOCATION AND ACCESS
Uniform Resource Identifier <a href="http://www.loc.gov/catdir/description/cam032/2003043595.html">http://www.loc.gov/catdir/description/cam032/2003043595.html</a>
856 41 - URL/ELECTRONIC LOCATION AND ACCESS
Uniform Resource Identifier <a href="http://www.loc.gov/catdir/toc/cam031/2003043595.html">http://www.loc.gov/catdir/toc/cam031/2003043595.html</a>
942 ## - ADDED ENTRY ELEMENTS(KOHA)
Source of classification or shelving scheme Library of Congress Classification
Koha item type General circulation
Holdings
Source of classification or shelving scheme Not for loan Location (home branch) Sublocation (holding branch) Shelving location Date accessioned Full call number Barcode Koha item type Public note
Library of Congress Classification   Kitui Town Campus Library Kitui Town Campus Library   03/07/2015 BF 76.8 .S73 2003 2015/001864 General circulation smo
Library of Congress Classification   Kitui Town Campus Library Kitui Town Campus Library   08/11/2016 [KTI]BF 76.8 .S73 2003 2015/007488 CD/DVD-ROMs  
Kitui, Kenya.
+254736116989
library@seku.ac.ke